000
00388nam a2200133Ia 4500
008
100328s9999 xx 000 0 und d
082
_b
31958
100
_a
घारे जान्हवी
245
_a
जीवन-साफल्य
260
_b
म.गो.घारे
630
_a
जीवन-साफल्य
730
_a
जीवन-साफल्य
942
_c
BOOK
999
_c
522775
_d
522772